| 000 | 00000nam##2200000za#4500 |
| 001 | 9.642995 |
| 003 | CaOODSP |
| 005 | 20210624223951 |
| 007 | cr ||||||||||| |
| 008 | 150407|2006||||xxc|||||o f|0| 0 fre|d |
| 040 | |aCaOODSP|bfre |
| 043 | |an-cn--- |
| 086 | 1 |aEn14-131/2006F-PDF |
| 110 | 1 |aCanada. |bEnvironnement Canada. |
| 245 | 10|aProjet pilote sur les mouvements transfrontalier des déchets solides municipaux entre le Canada et les États-Unis : |h[ressource électronique]|brapport d'évaluation |
| 260 | |aOttawa - Ontario : |bEnvironnement Canada |c7 novembre 2006. |
| 300 | |a29p.|btableaux |
| 590 | |a14-08-Supp|b2014-04-10 |
| 691 | 07|aGestion des déchets|2gcpds |
| 691 | 07|aImpact sur l'environnement|2gcpds |
| 775 | 08|tPilot project on the transboundary movement of municipal solid waste between Canada and the United States : |w(CaOODSP)9.698964 |
| 856 | 40|ahttp://publications.gc.ca|qPDF|s709 Ko|uhttps://publications.gc.ca/collections/collection_2014/ec/En14-131-2006-fra.pdf |